Znalosti pro tržní praxi 2015: ženy - podnikatelky v minulosti a současnosti sborník z mezinárodní vědecké konference : 10. a 11. září 2015 v Olomouci

Saved in:
Bibliographic Details
Corporate Authors: Znalosti pro tržní praxi 2015: ženy - podnikatelky v minulosti a současnosti. Mezinárodní vědecká konference, Filozofická fakulta Univerzity Palackého v Olomouci. Katedra aplikované ekonomie
Other Authors: Slavíčková, Pavla, Tomčík, Jaromír, Mládková, Ludmila, Jašek, Roman
Format: Book
Language:Czech
English
Published: Olomouc Societas Scientiarum Olomucensis II. 2015
Edition:1st ed.
Subjects:
Tags: Add Tag
No Tags, Be the first to tag this record!

MARC

LEADER 00000nlm a2200000 4500
001 0209829
005 20240416113812.9
020 |a 978-80-87533-12-3 
041 0 |a cze 
041 0 |a eng 
044 |a CZ 
245 1 0 |a Znalosti pro tržní praxi 2015: ženy - podnikatelky v minulosti a současnosti  |b sborník z mezinárodní vědecké konference : 10. a 11. září 2015 v Olomouci  |c editoři/edit by: Pavla Slavíčková, Jaromír Tomčík ; recenzenti/reviewers: Ludmila Mládková, Roman Jašek 
250 |a 1st ed. 
264 1 |a Olomouc  |b Societas Scientiarum Olomucensis II.  |c 2015 
300 |a CD-ROM [1149 s.] 
610 2 0 |a podnikanie 
610 2 0 |a podnikatelia 
610 2 0 |a ženy 
610 2 0 |a zamestnanosť 
700 1 |a Slavíčková, Pavla 
700 1 |a Tomčík, Jaromír 
700 1 |a Mládková, Ludmila 
700 1 |a Jašek, Roman 
110 2 |a Znalosti pro tržní praxi 2015: ženy - podnikatelky v minulosti a současnosti. Mezinárodní vědecká konference 
710 2 |a Filozofická fakulta Univerzity Palackého v Olomouci. Katedra aplikované ekonomie